| 000 | 00593nam a2200193Ia 4500 | ||
|---|---|---|---|
| 003 | GCL | ||
| 008 | 140319s9999 xx 000 0 ara d | ||
| 040 |
_aGCL / _cGCL |
||
| 082 | 0 | 4 |
_a780.9 _bس ق |
| 100 | 1 | _aسمحه الخولى | |
| 245 | 1 | 0 |
_aالقومية فى موسيقا القرن العشرين ( عالم المعرفة162 ) / _cسمحه الخولى |
| 300 | _a368 ص | ||
| 490 |
_aعالم المعرفة _v0 |
||
| 650 | 0 | 4 | _aالموسيقى |
| 650 | 0 | 4 | _aالقومية |
| 650 | 0 | 4 | _aالفنون |
| 650 | 0 | 4 | _aالموسيقى - العصر الحديث |
| 942 |
_2ddc _cBK |
||
| 999 |
_c51515 _d51515 |
||